Visual notes for architects and designers /

Bibliographic Details
Main Author: Crowe, Norman
Other Authors: Laseau, Paul, 1937-
Format: Book
Language:English
Published: New York : Van Nostrand Reinhold, [1984]
Subjects:

MARC

Tag First Indicator Second Indicator Subfields
LEADER 00000pam a2200000 a 4500
001 in00000511698
005 20151013080122.0
008 821129s1984 nyua b 00110 eng
010 |a  82023786  
020 |a 0442293356 
020 |a 0442293348 (pbk.) 
035 |a (OCoLC)09082814 
035 |9 ACE9389AM 
039 0 |a 2  |b 3  |c 3  |d 3  |e 3 
040 |a DLC  |c DLC  |d TXA  |d UtOrBLW 
049 |a TXAM 
050 0 0 |a NA2750  |b .C76 1984 
082 0 |a 720/.28  |2 19 
100 1 |a Crowe, Norman. 
245 1 0 |a Visual notes for architects and designers /  |c Norman Crowe, Paul Laseau. 
264 1 |a New York :  |b Van Nostrand Reinhold,  |c [1984] 
264 4 |c ©1984 
300 |a vii, 216 pages :  |b illustrations ;  |c 26 cm. 
336 |a text  |b txt  |2 rdacontent 
337 |a unmediated  |b n  |2 rdamedia 
338 |a volume  |b nc  |2 rdacarrier 
500 |a Includes index. 
504 |a Bibliography: page 213. 
650 0 |a Communication in architectural design. 
650 0 |a Visual perception. 
700 1 |a Laseau, Paul,  |d 1937- 
999 |a MARS 
999 f f |s 527f9e21-a8a5-3343-a17e-c9bb591a08b4  |i 17cc1592-1353-37df-93bd-8d0b54383f9b  |t 0 
952 f f |p normal  |a Texas A&M University  |b College Station  |c Sterling C. Evans Library  |d Evans: Library Stacks  |t 0  |e NA2750 .C76 1984  |h Library of Congress classification  |i unmediated -- volume  |m A14807948688 
998 f f |a NA2750 .C76 1984  |t 0  |l Evans: Library Stacks